00835nam a2200265Ia 450000500170000000800410001702000190005808200170007710000210009424500520011525000390016730000410020649000230024765000180027065000190028865000240030765000390033194200120037026400490038233600270043133700330045833800280049104000350051999900150055420220317001151.0160825s2007 mx a g 000 0 spa  a9789681666201204a535.2 bM14o1 aMalacara, Daniel10aÓptica tradicional y modernacDaniel Malacara a3a. edición b1a. reimpresión  a126 páginasbilustracionesc21 cm  aCiencia para todos142LEMBaOptica 142LEMBaLáser 142LEMBaHolografía 142LEMBaProcesamiento de imágenes  2ddccBK aMéxicobFondo de Cultura Económicac2007 atextobtxt2rdacontent asin mediaciónbn2rdamedia avolumenbnc2rdacarrier aCO-BoRNBPbspaerdacCO-BoRNBP c6130d6130